| 000 | 00545nam a2200193Ia 4500 | ||
|---|---|---|---|
| 020 | _a0026757540 | ||
| 040 | _cDLG | ||
| 082 | _a624 GLE 1991 A047 Or. | ||
| 100 | 1 | _aFales, James | |
| 245 | 1 | 0 |
_aConstruction technology : _btoday and tomorrow / |
| 260 |
_aMission Hills, Calif. : _bGlencoe/McGraw-Hill, _cc1991 |
||
| 300 |
_a416 p. : _bcol. ill. ; _c27 cm |
||
| 650 | 0 | _aEngineering | |
| 650 | 0 | _aBuilding | |
| 650 | 0 | _aEngineering | |
| 650 | 0 | _aConstruction industry | |
| 710 | 2 | _aOhio University Faculty Authors Collection. | |
| 942 | _cEK | ||
| 999 |
_c13416 _d13416 |
||